| 000 | 00000nam 2200000zi 4500 |
| 001 | 9.928962 |
| 003 | CaOODSP |
| 005 | 20250107144059 |
| 006 | m o d f |
| 007 | cr cn||||||||| |
| 008 | 231017t20232023onca obs f000 0 eng d |
| 020 | |a9780660683294 |
| 040 | |aCaOODSP|beng|erda|cCaOODSP |
| 043 | |an-cn--- |
| 086 | 1 |aHP5-169/2023E-PDF |
| 245 | 00|aPeople in Canada generally live long lives. |
| 264 | 1|a[Ottawa] : |bPublic Health Agency of Canada = Agence de la santé publique du Canada, |c[2023] |
| 264 | 4|c©2023 |
| 300 | |a1 online resource (1 page) : |billustrations |
| 336 | |atext|btxt|2rdacontent |
| 337 | |acomputer|bc|2rdamedia |
| 338 | |aonline resource|bcr|2rdacarrier |
| 500 | |aIssued also in French under title: Les personnes au Canada vivent généralement longtemps. |
| 504 | |aIncludes bibliographical references. |
| 650 | 0|aLife expectancy|zCanada|vStatistics. |
| 655 | 7|aStatistics|2lcgft |
| 710 | 2 |aPublic Health Agency of Canada, |eissuing body. |
| 775 | 08|tLes personnes au Canada vivent généralement longtemps.|w(CaOODSP)9.928963 |
| 856 | 40|qPDF|s429 KB|uhttps://publications.gc.ca/collections/collection_2024/aspc-phac/HP5-169-2023-eng.pdf |
| 986 | |a230499 |